[Event "34. Abierto Ciudad de Sevilla"]
[Site "Sevilla ESP"]
[Date "2009.01.27"]
[Round "5.16"]
[White "Berbatov, Kiprian"]
[Black "Anaya Lopez, Victor Jose"]
[Result "1-0"]
[WhiteElo "2392"]
[BlackElo "2087"]
[PlyCount "43"]
[EventDate "2009.01.23"]
[EventType "swiss"]
[EventRounds "9"]
[EventCountry "ESP"]
[Source "lmi"]
[SourceDate "2009.01.23"]

1. e4 c5 2. Nf3 Nc6 3. d4 cxd4 4. Nxd4 Nf6 5. Nc3 e5 6. Ndb5 d6 7. Bg5 a6 8.
Na3 b5 9. Bxf6 gxf6 10. Nd5 Bg7 11. c3 Ne7 12. Nc2 Be6 13. Nce3 Rc8 14. a4 Bxd5
15. Nxd5 Nxd5 16. exd5 Qb6 17. axb5 axb5 18. Bd3 O-O 19. Qh5 h6 20. O-O b4 21.
Ra4 Qc5 22. Rxb4 1-0

[Event "34. Abierto Ciudad de Sevilla"]
[Site "Sevilla ESP"]
[Date "2009.01.27"]
[Round "5.17"]
[White "Santos Izquierdo, Francisco Javier"]
[Black "Montero Campuzano, Rafael"]
[Result "1/2-1/2"]
[WhiteElo "2280"]
[BlackElo "2078"]
[PlyCount "108"]
[EventDate "2009.01.23"]
[EventType "swiss"]
[EventRounds "9"]
[EventCountry "ESP"]
[Source "lmi"]
[SourceDate "2009.01.23"]

1. c4 Nf6 2. g3 c5 3. Bg2 Nc6 4. Nf3 d6 5. d4 cxd4 6. Nxd4 Nxd4 7. Qxd4 g6 8.
O-O Bg7 9. Nc3 O-O 10. Qd3 Rb8 11. Bd2 b6 12. Rac1 Bb7 13. e4 Nd7 14. b3 Ne5
15. Qe2 Qd7 16. Nd5 Rfc8 17. h3 Nc6 18. Bc3 Nd4 19. Qd3 e5 20. f4 Bxd5 21. cxd5
Qb5 22. Qxb5 Nxb5 23. Bb2 Nd4 24. Kf2 Nc2 25. Ke2 Ne3 26. Rg1 Nxg2 27. Rxg2
exf4 28. Rxc8+ Rxc8 29. Bxg7 f3+ 30. Kxf3 Kxg7 31. Ke3 h5 32. Kd4 f6 33. Rd2 g5
34. Rd3 g4 35. hxg4 hxg4 36. Ke3 b5 37. Kf4 Rc2 38. Kxg4 b4 39. Rd4 a5 40. Kf4
Kf7 41. Rd1 Rf2+ 42. Kg4 Rxa2 43. Rc1 Rb2 44. Rc7+ Kg6 45. Ra7 Re2 46. Kf3 Ra2
47. Ra6 Kg5 48. Ke3 Ra3 49. Kd4 Rxb3 50. Rxa5 Rxg3 51. Rb5 f5 52. Rxb4 fxe4 53.
Rb6 Kf5 54. Rxd6 Rd3+ 1/2-1/2

[Event "34. Abierto Ciudad de Sevilla"]
[Site "Sevilla ESP"]
[Date "2009.01.27"]
[Round "5.18"]
[White "Pereira Figueroa, Manuel"]
[Black "Robles Garcia, Claudia"]
[Result "1/2-1/2"]
[WhiteElo "2133"]
[BlackElo "2258"]
[PlyCount "45"]
[EventDate "2009.01.23"]
[EventType "swiss"]
[EventRounds "9"]
[EventCountry "ESP"]
[Source "lmi"]
[SourceDate "2009.01.23"]

1. d4 Nf6 2. c4 c5 3. d5 b5 4. cxb5 a6 5. bxa6 g6 6. Nc3 Bxa6 7. Nf3 d6 8. h3
Bg7 9. e4 Bxf1 10. Kxf1 O-O 11. Kg1 Nbd7 12. Kh2 Qa5 13. Re1 Rfb8 14. Re2 Ne8
15. Rc2 Nb6 16. Qe2 Qb4 17. Bg5 Rb7 18. Nd2 h6 19. Be3 Nf6 20. Rb1 Nfd7 21. f4
Rbb8 22. Rf1 Kh7 23. a3 1/2-1/2

[Event "34. Abierto Ciudad de Sevilla"]
[Site "Sevilla ESP"]
[Date "2009.01.27"]
[Round "5.19"]
[White "Camacho Calle, Pedro"]
[Black "Van Hoolandt, Patrick"]
[Result "1/2-1/2"]
[WhiteElo "2125"]
[BlackElo "2235"]
[PlyCount "116"]
[EventDate "2009.01.23"]
[EventType "swiss"]
[EventRounds "9"]
[EventCountry "ESP"]
[Source "lmi"]
[SourceDate "2009.01.23"]

1. c4 e5 2. Nc3 Nc6 3. g3 g6 4. Bg2 Bg7 5. e3 d6 6. Nge2 h5 7. h4 Bg4 8. d3
Nge7 9. Rb1 O-O 10. O-O Qc8 11. Kh2 Kh7 12. b4 a6 13. Qc2 Rb8 14. a4 a5 15.
bxa5 Nxa5 16. Ba3 b6 17. Ng1 Bd7 18. Nf3 Bc6 19. e4 Ra8 20. Ra1 Bd7 21. Nb5
Nec6 22. Ra2 Nb7 23. Rb1 Bh6 24. Bc1 Bxc1 25. Qxc1 Nc5 26. Qe3 Rxa4 27. Rxa4
Nxa4 28. Ra1 Nc5 29. Ra3 f6 30. Kg1 Kg7 31. Na7 Qa8 32. Nb5 Qd8 33. Nc3 Nb4 34.
Ne1 Ne6 35. Nd5 Nxd5 36. cxd5 Nd4 37. Rc3 b5 38. Nf3 c5 39. dxc6 Nxc6 40. d4 b4
41. Rb3 Qa5 42. d5 Ne7 43. Qd2 Rb8 44. Bf1 Ba4 45. Rb1 Qb6 46. Bd3 Rb7 47. Kg2
b3 48. Rb2 Qb4 49. Qxb4 Rxb4 50. Nd2 Nc8 51. Bc4 Na7 52. f3 Nb5 53. Kf2 Nd4 54.
Ke3 f5 55. Kd3 Rb8 56. Kc3 fxe4 57. Nxe4 Rb6 58. f4 Kf8 1/2-1/2

[Event "34. Abierto Ciudad de Sevilla"]
[Site "Sevilla ESP"]
[Date "2009.01.27"]
[Round "5.20"]
[White "Soria Castillo, Ricardo"]
[Black "Peña Dieguez, Manuel"]
[Result "0-1"]
[WhiteElo "2177"]
[BlackElo "2071"]
[PlyCount "78"]
[EventDate "2009.01.23"]
[EventType "swiss"]
[EventRounds "9"]
[EventCountry "ESP"]
[Source "lmi"]
[SourceDate "2009.01.23"]

1. e4 e6 2. d4 d5 3. Nc3 Bb4 4. e5 c5 5. a3 Bxc3+ 6. bxc3 Qc7 7. Nf3 Nc6 8. Be2
f6 9. Bf4 Qe7 10. O-O fxe5 11. Nxe5 Nxe5 12. Bxe5 Nf6 13. dxc5 Bd7 14. Bd6 Qf7
15. c4 Qg6 16. Bf3 O-O-O 17. Re1 Rhe8 18. Re5 Bc6 19. Qd2 Ne4 20. Bxe4 dxe4 21.
Qa5 Rd7 22. g3 Qf6 23. Re1 g5 24. Re3 Rf7 25. Qd2 Rd8 26. R5xe4 Bxe4 27. Rxe4
Qf5 28. Qe2 Rf6 29. Kg2 Rh6 30. g4 Qf7 31. Rd4 Rf6 32. c6 e5 33. Bxe5 Rxd4 34.
Bxd4 Rxc6 35. Be3 Rxc4 36. Bxg5 Qd5+ 37. f3 Rxg4+ 38. Kh3 Rxg5 39. Qe8+ Kc7 0-1

[Event "34. Abierto Ciudad de Sevilla"]
[Site "Sevilla ESP"]
[Date "2009.01.28"]
[Round "6.1"]
[White "Strikovic, Aleksa"]
[Black "Rivas Pastor, Manuel"]
[Result "1/2-1/2"]
[WhiteElo "2533"]
[BlackElo "2514"]
[PlyCount "110"]
[EventDate "2009.01.23"]
[EventType "swiss"]
[EventRounds "9"]
[EventCountry "ESP"]
[Source "lmi"]
[SourceDate "2009.01.23"]

1. c4 Nf6 2. Nc3 e5 3. Nf3 Nc6 4. a3 g6 5. b4 d6 6. Bb2 Bg7 7. e3 O-O 8. Qc2
Re8 9. d3 Bf5 10. Ne4 a5 11. b5 Nb8 12. Ng3 Bc8 13. Be2 Nbd7 14. O-O Qe7 15.
Nd2 h5 16. Bf3 h4 17. Ne2 Nc5 18. Nc3 Bf5 19. e4 Bd7 20. a4 c6 21. Nb3 Ne6 22.
bxc6 bxc6 23. Bc1 Nh7 24. Bd2 Bf6 25. Rfb1 Qf8 26. Qd1 Bg5 27. Be1 Reb8 28. Ne2
Bd8 29. d4 Qe8 30. dxe5 dxe5 31. Nc3 Nhg5 32. Be2 Bb6 33. Bd2 Qe7 34. c5 Bc7
35. Be3 Nf4 36. Bf1 Be6 37. Nd2 Rb4 38. Rxb4 axb4 39. Na2 Rb8 40. Nc1 Rd8 41.
Qc2 h3 42. g3 Bg4 43. Ncb3 Ne2+ 44. Bxe2 Bxe2 45. Bxg5 Qxg5 46. a5 Ba6 47. Re1
Rd3 48. Nf1 Rc3 49. Qb2 Qd8 50. Nfd2 Bb5 51. Qa1 Qd3 52. Re3 Qc2 53. a6 Bb8 54.
g4 Ba7 55. g5 Bd3 1/2-1/2

[Event "34. Abierto Ciudad de Sevilla"]
[Site "Sevilla ESP"]
[Date "2009.01.28"]
[Round "6.2"]
[White "Spraggett, Kevin"]
[Black "Pogorelov, Ruslan"]
[Result "1-0"]
[WhiteElo "2586"]
[BlackElo "2451"]
[PlyCount "99"]
[EventDate "2009.01.23"]
[EventType "swiss"]
[EventRounds "9"]
[EventCountry "ESP"]
[Source "lmi"]
[SourceDate "2009.01.23"]

1. c4 c5 2. Nc3 g6 3. g3 Bg7 4. Bg2 Nc6 5. Nf3 e6 6. a3 Nge7 7. b4 cxb4 8. axb4
Nxb4 9. Ba3 Nbc6 10. e4 f5 11. O-O O-O 12. Bd6 fxe4 13. Nxe4 b6 14. d4 Bb7 15.
Rc1 Rc8 16. Ne5 Nxe5 17. dxe5 Bc6 18. Qd3 h6 19. Rfe1 g5 20. Ba3 Bxe4 21. Bxe4
Rf7 22. Bb7 Rc7 23. Bf3 Nc6 24. Bd6 Rc8 25. Bg4 Bf8 26. Qg6+ Rg7 27. Qxh6 Na5
28. Red1 Rc6 29. Rc3 Bxd6 30. exd6 Nb7 31. Rcd3 Nc5 32. Rf3 Qb8 33. h4 Rxd6 34.
Rxd6 Qxd6 35. hxg5 Qe7 36. g6 Ne4 37. Qe3 Nf6 38. Qg5 Nxg4 39. Qxg4 Qe8 40. Rf6
Qe7 41. Qf4 Qe8 42. Qe4 a5 43. Kh2 a4 44. Kg2 a3 45. Rf3 Qxg6 46. Qa8+ Kh7 47.
Rf4 Rg8 48. Qxa3 Qe8 49. Rh4+ Kg6 50. Qd3+ 1-0

[Event "34. Abierto Ciudad de Sevilla"]
[Site "Sevilla ESP"]
[Date "2009.01.28"]
[Round "6.7"]
[White "Berbatov, Kiprian"]
[Black "Kurajica, Bojan"]
[Result "1/2-1/2"]
[WhiteElo "2392"]
[BlackElo "2552"]
[PlyCount "81"]
[EventDate "2009.01.23"]
[EventType "swiss"]
[EventRounds "9"]
[EventCountry "ESP"]
[Source "lmi"]
[SourceDate "2009.01.23"]

1. e4 c5 2. Nf3 a6 3. c3 g6 4. d4 cxd4 5. cxd4 d5 6. exd5 Nf6 7. Nc3 Nxd5 8.
Bc4 Nxc3 9. bxc3 Bg7 10. Ng5 O-O 11. Qf3 e6 12. h4 h6 13. Ne4 Qc7 14. Bb3 f5
15. Nc5 Kh8 16. Ba3 Nc6 17. O-O e5 18. Qg3 Rf6 19. Rae1 f4 20. Qf3 Bf5 21. d5
Nd8 22. Ne4 Bxe4 23. Qxe4 Nf7 24. h5 f3 25. hxg6 Ng5 26. Qxe5 Qxe5 27. Rxe5
Rxg6 28. Rxg5 Rxg5 29. g3 Re8 30. d6 Bxc3 31. d7 Rd8 32. Rc1 Bf6 33. Rc8 Kg7
34. Be6 Re5 35. Bb2 Rxe6 36. Rxd8 Rd6 37. Bxf6+ Kxf6 38. Rf8+ Ke7 39. Rxf3 Rxd7
40. Re3+ Kd6 41. a3 1/2-1/2

[Event "34. Abierto Ciudad de Sevilla"]
[Site "Sevilla ESP"]
[Date "2009.01.28"]
[Round "6.8"]
[White "Rizouk, Aimen"]
[Black "Melero Fidalgo, Juan De Dios"]
[Result "1-0"]
[WhiteElo "2518"]
[BlackElo "2175"]
[PlyCount "75"]
[EventDate "2009.01.23"]
[EventType "swiss"]
[EventRounds "9"]
[EventCountry "ESP"]
[Source "lmi"]
[SourceDate "2009.01.23"]

1. e4 e5 2. Bc4 Nf6 3. d3 Bc5 4. Nf3 d6 5. c3 Nc6 6. Bb3 O-O 7. O-O a6 8. h3
Ba7 9. Be3 Be6 10. Nbd2 Qd7 11. Bc2 d5 12. Bxa7 Rxa7 13. exd5 Nxd5 14. Re1 f6
15. d4 exd4 16. Nb3 Bf7 17. Nbxd4 Nce7 18. c4 Nb6 19. Qe2 Ng6 20. c5 Nd5 21.
Bf5 Qd8 22. Ne6 Ndf4 23. Nxf4 Nxf4 24. Qe4 Ng6 25. Rad1 Qb8 26. h4 Re8 27. Qg4
Ra8 28. h5 Nf8 29. h6 g6 30. Be4 c6 31. Bc2 Rxe1+ 32. Rxe1 Qd8 33. Qb4 Rb8 34.
Bb3 g5 35. Nxg5 Bd5 36. Bxd5+ cxd5 37. Ne6 Qd7 38. c6 1-0

[Event "34. Abierto Ciudad de Sevilla"]
[Site "Sevilla ESP"]
[Date "2009.01.28"]
[Round "6.9"]
[White "De la Villa Garcia, Jesus Maria"]
[Black "Garcia Luque, Agustin"]
[Result "1-0"]
[WhiteElo "2469"]
[BlackElo "2390"]
[PlyCount "63"]
[EventDate "2009.01.23"]
[EventType "swiss"]
[EventRounds "9"]
[EventCountry "ESP"]
[Source "lmi"]
[SourceDate "2009.01.23"]

1. e4 c6 2. d4 d5 3. Nc3 dxe4 4. Nxe4 Nd7 5. Ng5 Ngf6 6. Bd3 e6 7. N1f3 Bd6 8.
Qe2 h6 9. Ne4 Nxe4 10. Qxe4 c5 11. O-O Nf6 12. Qh4 cxd4 13. Re1 Bd7 14. Qxd4
Bc6 15. Ne5 Qc7 16. Nxc6 Bxh2+ 17. Kh1 bxc6 18. g3 Bxg3 19. fxg3 Qxg3 20. Re3
Qc7 21. Re2 Rd8 22. Qf4 Qb6 23. Be3 Qxb2 24. Rf1 Qb7 25. Qf3 Rd5 26. Rg2 Rh5+
27. Kg1 Qc7 28. Rb1 Rh4 29. Rxg7 Qh2+ 30. Kf1 Rg8 31. Qxc6+ Kf8 32. Rxf7+ 1-0

[Event "34. Abierto Ciudad de Sevilla"]
[Site "Sevilla ESP"]
[Date "2009.01.28"]
[Round "6.10"]
[White "Jimenez de la Torre, Jose Antonio"]
[Black "Teran Alvarez, Ismael"]
[Result "0-1"]
[WhiteElo "2168"]
[BlackElo "2436"]
[PlyCount "90"]
[EventDate "2009.01.23"]
[EventType "swiss"]
[EventRounds "9"]
[EventCountry "ESP"]
[Source "lmi"]
[SourceDate "2009.01.23"]

1. e4 e6 2. d4 d5 3. Nd2 Nf6 4. e5 Nfd7 5. c3 c5 6. Bd3 b6 7. f4 Ba6 8. Bxa6
Nxa6 9. Ngf3 Be7 10. O-O Ndb8 11. Ng5 Qd7 12. Qh5 g6 13. Qe2 cxd4 14. cxd4 Nc7
15. Nb3 Nc6 16. Be3 a5 17. a4 Nb4 18. Rfc1 O-O 19. h4 Rfc8 20. h5 Bxg5 21. fxg5
Ne8 22. hxg6 hxg6 23. Rc3 Rc4 24. Rxc4 dxc4 25. Nd2 Nc2 26. Rc1 Nxd4 27. Qxc4
Nf5 28. Nf1 Rb8 29. Bf2 Qd8 30. Qf4 b5 31. Rc2 bxa4 32. Qxa4 Qxg5 33. Qxa5 Qe7
34. Qc5 Qb7 35. Ne3 Nxe3 36. Bxe3 Qe4 37. Rc4 Qd3 38. b4 Ng7 39. Bg5 Qd1+ 40.
Kf2 Ra8 41. Rc2 Qg4 42. Bf6 Qf4+ 43. Ke2 Qg4+ 44. Kf2 Nf5 45. Ra2 Rxa2+ 0-1

[Event "34. Abierto Ciudad de Sevilla"]
[Site "Sevilla ESP"]
[Date "2009.01.28"]
[Round "6.12"]
[White "Peña Dieguez, Manuel"]
[Black "Recuero Guerra, David"]
[Result "1/2-1/2"]
[WhiteElo "2071"]
[BlackElo "2435"]
[PlyCount "51"]
[EventDate "2009.01.23"]
[EventType "swiss"]
[EventRounds "9"]
[EventCountry "ESP"]
[Source "lmi"]
[SourceDate "2009.01.23"]

1. e4 c5 2. Nf3 Nc6 3. d4 cxd4 4. Nxd4 Nf6 5. Nc3 d6 6. Bg5 e6 7. Qd2 Be7 8.
O-O-O O-O 9. Nxc6 bxc6 10. Bxf6 Bxf6 11. Qxd6 Qb6 12. Qg3 Rb8 13. b3 Qa5 14.
Na4 Rb4 15. Bd3 Ba6 16. Bxa6 Qxa6 17. e5 Bd8 18. Rd7 h6 19. h4 Qa5 20. f4 Bb6
21. Qf3 c5 22. Rhd1 c4 23. g3 cxb3 24. axb3 Rxa4 25. bxa4 Qxa4 26. Qc3 1/2-1/2

[Event "34. Abierto Ciudad de Sevilla"]
[Site "Sevilla ESP"]
[Date "2009.01.28"]
[Round "6.13"]
[White "Paunovic, Dragan"]
[Black "Martin Vazquez, Jose Miguel"]
[Result "1-0"]
[WhiteElo "2497"]
[BlackElo "2098"]
[PlyCount "129"]
[EventDate "2009.01.23"]
[EventType "swiss"]
[EventRounds "9"]
[EventCountry "ESP"]
[Source "lmi"]
[SourceDate "2009.01.23"]

1. Nf3 Nf6 2. g3 d6 3. d4 g6 4. Bg2 Bg7 5. O-O O-O 6. c4 c6 7. Nc3 Nbd7 8. Qc2
e5 9. Rd1 Qe7 10. e4 Re8 11. d5 c5 12. Bg5 h6 13. Bd2 Rf8 14. a3 Ne8 15. Nh4
Ndf6 16. b4 Nh5 17. bxc5 dxc5 18. Be3 b6 19. Nb5 Nd6 20. a4 Bd7 21. Nxd6 Qxd6
22. a5 f5 23. exf5 g5 24. Nf3 Bxf5 25. Qe2 e4 26. Nxg5 Nxg3 27. hxg3 Bxa1 28.
Ne6 Bg7 29. Nxf8 Rxf8 30. axb6 axb6 31. Qh5 Qg6 32. Qxg6 Bxg6 33. Rb1 Rf6 34.
Bh3 Bf7 35. Rb3 h5 36. Bg5 Rf3 37. Rxf3 exf3 38. Bd7 Bc3 39. Bb5 Kg7 40. Bd8
Be5 41. Bxb6 Bd6 42. Ba5 Kg6 43. Ba4 Kf5 44. Bc3 Kg5 45. Bd2+ Kf5 46. Be3 Be7
47. Bf4 Ke4 48. Bc7 h4 49. d6 Bf6 50. gxh4 Be5 51. Bb5 Kf5 52. Bb8 Kg4 53. d7
Bf6 54. Bc7 Bxh4 55. d8=Q Bxd8 56. Bxd8 Kf4 57. Be7 Bg6 58. Bxc5 Bd3 59. Be3+
Ke5 60. Kh2 Be2 61. Kg3 Kf6 62. Kf4 Ke6 63. Ke4 Ke7 64. Kd5 Kd8 65. Ba4 1-0

[Event "34. Abierto Ciudad de Sevilla"]
[Site "Sevilla ESP"]
[Date "2009.01.28"]
[Round "6.14"]
[White "Barlocco, Carlo"]
[Black "Campora Sivori, Daniel"]
[Result "1/2-1/2"]
[WhiteElo "2146"]
[BlackElo "2522"]
[PlyCount "81"]
[EventDate "2009.01.23"]
[EventType "swiss"]
[EventRounds "9"]
[EventCountry "ESP"]
[Source "lmi"]
[SourceDate "2009.01.23"]

1. d4 Nf6 2. c4 e6 3. Nf3 b6 4. g3 Ba6 5. Qa4 Bb7 6. Bg2 c5 7. O-O cxd4 8. Nxd4
Bxg2 9. Kxg2 Qc8 10. Bf4 Qb7+ 11. f3 a6 12. Nc3 Be7 13. e4 O-O 14. Rfd1 d6 15.
Be3 Rc8 16. Rac1 Nbd7 17. Nb1 h6 18. Nd2 Bf8 19. b4 d5 20. exd5 exd5 21. Qb3
Re8 22. Bf2 a5 23. a3 axb4 24. axb4 Ne5 25. c5 bxc5 26. bxc5 Qxb3 27. N2xb3 Nc4
28. Ra1 Rac8 29. c6 Bb4 30. Rdc1 Nh7 31. Ra4 Ba3 32. Rcxc4 dxc4 33. Rxc4 Re5
34. g4 g6 35. Bg3 Rd5 36. c7 Bd6 37. Bxd6 Rxd6 38. Nb5 Rd7 39. Nc5 Rdxc7 40.
Nxc7 Rxc7 41. Rc3 1/2-1/2

[Event "34. Abierto Ciudad de Sevilla"]
[Site "Sevilla ESP"]
[Date "2009.01.28"]
[Round "6.15"]
[White "Fernandez Ruiz, Manuel Alejandro"]
[Black "Fernandez Romero, Ernesto"]
[Result "0-1"]
[WhiteElo "2083"]
[BlackElo "2446"]
[PlyCount "54"]
[EventDate "2009.01.23"]
[EventType "swiss"]
[EventRounds "9"]
[EventCountry "ESP"]
[Source "lmi"]
[SourceDate "2009.01.23"]

1. d4 Nf6 2. c4 c5 3. d5 e5 4. Nc3 d6 5. Bg5 Be7 6. Bxf6 Bxf6 7. e4 O-O 8. h4
Na6 9. Qf3 Nc7 10. g4 a6 11. g5 Be7 12. Bd3 b5 13. Nge2 Rb8 14. O-O-O bxc4 15.
Bxc4 Nb5 16. Qg2 Qa5 17. Rd2 Bd7 18. f4 exf4 19. Rg1 Nxc3 20. Nxc3 Rb4 21. Bd3
c4 22. Bb1 Bd8 23. e5 g6 24. Ne4 dxe5 25. Nf6+ Bxf6 26. gxf6 c3 27. Rf2 cxb2+
0-1

[Event "34. Abierto Ciudad de Sevilla"]
[Site "Sevilla ESP"]
[Date "2009.01.28"]
[Round "6.17"]
[White "Montero Campuzano, Rafael"]
[Black "Alonso Garcia, Rene"]
[Result "0-1"]
[WhiteElo "2078"]
[BlackElo "2368"]
[PlyCount "98"]
[EventDate "2009.01.23"]
[EventType "swiss"]
[EventRounds "9"]
[EventCountry "ESP"]
[Source "lmi"]
[SourceDate "2009.01.23"]

1. e4 e5 2. Nf3 Nc6 3. Bc4 Nf6 4. d3 Be7 5. O-O O-O 6. c3 d5 7. exd5 Nxd5 8.
Re1 Bg4 9. Nbd2 Nb6 10. b4 a6 11. a4 Bg5 12. a5 Bxd2 13. Qxd2 Nxc4 14. dxc4
Bxf3 15. gxf3 Qf6 16. Qe3 Rfe8 17. b5 axb5 18. cxb5 Nxa5 19. Ra4 Qe6 20. Qe4 f5
21. Qb4 b6 22. c4 Qg6+ 23. Kh1 Re6 24. Qc3 Rae8 25. Rg1 Qh5 26. c5 Rg6 27. cxb6
cxb6 28. Rxg6 Qxg6 29. Qd3 Qe6 30. Ba3 h6 31. Bc5 Nb7 32. Ba3 Na5 33. Bc5 bxc5
34. Rxa5 c4 35. Qd1 Qb6 36. Qd5+ Kh7 37. Ra2 Rc8 38. Qd7 Rf8 39. Ra7 Qg6 40.
Qc7 e4 41. f4 Qg4 42. Qe7 Rc8 43. Rc7 Ra8 44. Ra7 Rc8 45. Rc7 Rxc7 46. Qxc7 Qe2
47. Kg2 e3 48. Qc5 Qxf2+ 49. Kh3 Qf3+ 0-1

[Event "34. Abierto Ciudad de Sevilla"]
[Site "Sevilla ESP"]
[Date "2009.01.28"]
[Round "6.18"]
[White "Guerra, Tulcan Lenin"]
[Black "Camacho Calle, Pedro"]
[Result "1-0"]
[WhiteElo "2310"]
[BlackElo "2125"]
[PlyCount "95"]
[EventDate "2009.01.23"]
[EventType "swiss"]
[EventRounds "9"]
[EventCountry "ESP"]
[Source "lmi"]
[SourceDate "2009.01.23"]

1. e4 c5 2. Nf3 e6 3. d4 cxd4 4. Nxd4 a6 5. c4 Nf6 6. Bd3 Nc6 7. Nxc6 dxc6 8.
O-O e5 9. Nc3 Qc7 10. Qc2 Bc5 11. Rb1 a5 12. a3 Be6 13. b4 axb4 14. axb4 Be7
15. c5 Nd7 16. Ne2 O-O 17. Bb2 b5 18. Qc3 Bf6 19. Ng3 g6 20. Rbd1 Rfe8 21. Bb1
Be7 22. f4 f6 23. f5 Bc4 24. Bd3 Bf7 25. fxg6 hxg6 26. Bc2 Nf8 27. h4 Ne6 28.
h5 Nd4 29. hxg6 Bxg6 30. Bb3+ Kg7 31. Qe3 Rad8 32. Nf5+ Bxf5 33. exf5 Nxb3 34.
Qg3+ Kf8 35. Qxb3 Rxd1 36. Rxd1 Rd8 37. Re1 Qd7 38. Qh3 Qd2 39. Qh8+ Kf7 40.
Qh5+ Kg8 41. Qg6+ Kf8 42. Re4 Qd5 43. Rg4 Qf7 44. Qh6+ Ke8 45. Rg7 Rd1+ 46. Kh2
Qd5 47. Qh7 Bf8 48. Qg6+ 1-0

[Event "34. Abierto Ciudad de Sevilla"]
[Site "Sevilla ESP"]
[Date "2009.01.28"]
[Round "6.19"]
[White "Neubauer, Kai"]
[Black "Santos Izquierdo, Francisco Javier"]
[Result "1/2-1/2"]
[WhiteElo "2027"]
[BlackElo "2280"]
[PlyCount "82"]
[EventDate "2009.01.23"]
[EventType "swiss"]
[EventRounds "9"]
[EventCountry "ESP"]
[Source "lmi"]
[SourceDate "2009.01.23"]

1. d4 f5 2. Nf3 Nf6 3. c4 d6 4. g3 g6 5. Bg2 Bg7 6. O-O O-O 7. Nc3 Qe8 8. Re1
Ng4 9. h3 Nh6 10. Bf4 Nc6 11. Qd2 Nf7 12. Nd5 Qd8 13. Nb4 Nxb4 14. Qxb4 e5 15.
dxe5 dxe5 16. Rad1 Qe8 17. Be3 e4 18. Nd4 Ne5 19. f4 Nc6 20. Nxc6 Qxc6 21. Bd4
Be6 22. Bxg7 Kxg7 23. Rd4 Qb6 24. Qc3 Kg8 25. Red1 a5 26. a4 Qb4 27. Qxb4 axb4
28. b3 Kf7 29. e3 Ke7 30. Kf2 h6 31. h4 c6 32. Bf1 Rfd8 33. Rxd8 Rxd8 34. Rxd8
Kxd8 35. Ke1 b5 36. cxb5 cxb5 37. axb5 Bxb3 38. b6 Bd5 39. Kd2 Kd7 40. Bb5+ Kd6
41. Ba6 Kc6 1/2-1/2

[Event "34. Abierto Ciudad de Sevilla"]
[Site "Sevilla ESP"]
[Date "2009.01.28"]
[Round "6.20"]
[White "Robles Garcia, Claudia"]
[Black "Ramos Suria, Felix"]
[Result "1/2-1/2"]
[WhiteElo "2258"]
[BlackElo "2096"]
[PlyCount "56"]
[EventDate "2009.01.23"]
[EventType "swiss"]
[EventRounds "9"]
[EventCountry "ESP"]
[Source "lmi"]
[SourceDate "2009.01.23"]

1. e4 e5 2. Nf3 Nc6 3. Bb5 f5 4. d3 fxe4 5. dxe4 Nf6 6. O-O Bc5 7. Qd3 d6 8.
Qc4 Bd7 9. Nc3 Qe7 10. Bg5 Qf7 11. Nd5 Nxd5 12. exd5 Nd4 13. Bxd7+ Qxd7 14.
Nxe5 Qf5 15. Be3 Qxe5 16. c3 O-O 17. Bxd4 Bxd4 18. cxd4 Qg5 19. Rae1 Rf7 20.
Qb3 b6 21. Re2 Raf8 22. Rc2 h6 23. Qc4 Re7 24. b4 Kh8 25. a4 Rf5 26. Qa6 Rxd5
27. Qxa7 Rxd4 28. b5 Qd5 1/2-1/2

[Event "34. Abierto Ciudad de Sevilla"]
[Site "Sevilla ESP"]
[Date "2009.01.28"]
[Round "6.21"]
[White "Van Hoolandt, Patrick"]
[Black "Sanchez Carrasco, Francisco Javier"]
[Result "1-0"]
[WhiteElo "2235"]
[BlackElo "2077"]
[PlyCount "77"]
[EventDate "2009.01.23"]
[EventType "swiss"]
[EventRounds "9"]
[EventCountry "ESP"]
[Source "lmi"]
[SourceDate "2009.01.23"]

1. d4 Nf6 2. c4 g6 3. Nc3 Bg7 4. e4 d6 5. Nf3 O-O 6. Be3 Na6 7. Be2 c5 8. d5
Nc7 9. h3 a6 10. a4 Bd7 11. a5 Rb8 12. O-O b5 13. axb6 Rxb6 14. Ra2 Qb8 15. Qc2
Nfe8 16. e5 Rb4 17. Bd3 Qc8 18. Ne4 Na8 19. Bd2 dxe5 20. Bxb4 cxb4 21. c5 f5
22. Neg5 h6 23. Ne6 Bxe6 24. dxe6 e4 25. Bxa6 Qb8 26. Nd2 Qf4 27. Re1 Be5 28.
Nf1 Ng7 29. Qd2 Qh4 30. Ra4 Nc7 31. Bc4 Kh7 32. Rxb4 g5 33. Bb3 g4 34. hxg4
Ngxe6 35. Bxe6 Nxe6 36. gxf5 Nf4 37. Ng3 Rg8 38. Rexe4 Ra8 39. Rxe5 1-0

[Event "34. Abierto Ciudad de Sevilla"]
[Site "Sevilla ESP"]
[Date "2009.01.29"]
[Round "7.4"]
[White "Matamoros Franco, Carlos"]
[Black "De la Villa Garcia, Jesus Maria"]
[Result "1/2-1/2"]
[WhiteElo "2532"]
[BlackElo "2469"]
[PlyCount "60"]
[EventDate "2009.01.23"]
[EventType "swiss"]
[EventRounds "9"]
[EventCountry "ESP"]
[Source "lmi"]
[SourceDate "2009.01.23"]

1. Nf3 d5 2. d4 Nf6 3. c4 e6 4. g3 dxc4 5. Bg2 Bb4+ 6. Bd2 a5 7. Qc2 Bxd2+ 8.
Nbxd2 b5 9. a4 c6 10. b3 cxb3 11. Nxb3 O-O 12. O-O b4 13. e4 Nbd7 14. Qxc6 Ra7
15. Nfd2 Bb7 16. Qc2 Nb6 17. Rfc1 Nfd7 18. Nc5 Ba8 19. Ndb3 Qe7 20. Qd2 h6 21.
Qe3 Rb8 22. Bf1 Bc6 23. Na6 Rxa6 24. Rxc6 Ra7 25. Bb5 Qd8 26. Rac1 Nf6 27. Qf4
Ne8 28. h4 Raa8 29. Qe3 Nd6 30. Qe2 Nxb5 1/2-1/2

[Event "34. Abierto Ciudad de Sevilla"]
[Site "Sevilla ESP"]
[Date "2009.01.29"]
[Round "7.5"]
[White "Huerga Leache, Mikel"]
[Black "Rizouk, Aimen"]
[Result "1-0"]
[WhiteElo "2418"]
[BlackElo "2518"]
[PlyCount "125"]
[EventDate "2009.01.23"]
[EventType "swiss"]
[EventRounds "9"]
[EventCountry "ESP"]
[Source "lmi"]
[SourceDate "2009.01.23"]

1. e4 c5 2. Nf3 Nc6 3. d4 cxd4 4. Nxd4 Nf6 5. Nc3 d6 6. Bg5 e6 7. Qd2 a6 8.
O-O-O Bd7 9. f3 Be7 10. h4 h6 11. Be3 h5 12. Bg5 Ne5 13. Kb1 b5 14. Qe1 Qc7 15.
Bd3 b4 16. Nce2 Nxd3 17. cxd3 e5 18. Nc2 b3 19. axb3 Be6 20. Bxf6 Bxf6 21. b4
O-O 22. Nc3 Qb7 23. g4 a5 24. b5 d5 25. d4 exd4 26. Nxd4 dxe4 27. Qxe4 Qxe4+
28. Nxe4 Bxd4 29. Rxd4 hxg4 30. fxg4 Rfd8 31. Rhd1 Rxd4 32. Rxd4 Bxg4 33. Nf6+
gxf6 34. Rxg4+ Kf8 35. h5 Ke7 36. h6 Rh8 37. Rh4 f5 38. Kc2 Kd6 39. Rh5 Kc7 40.
h7 Kb6 41. Kb3 f4 42. Kc4 f6 43. Rh6 Rc8+ 44. Kd4 Rh8 45. Rxf6+ Kxb5 46. Rf7
Ka4 47. Ke4 Kb3 48. Rb7+ Kc2 49. Kxf4 a4 50. Ke5 Rf8 51. Ke6 Rh8 52. Kf5 Rxh7
53. Rxh7 Kxb2 54. Rb7+ Kc3 55. Ra7 Kb3 56. Ke4 a3 57. Kd3 Kb2 58. Rb7+ Kc1 59.
Rc7+ Kb2 60. Rc2+ Kb1 61. Kc3 a2 62. Rb2+ Ka1 63. Rh2 1-0